000 02359nam a22003734a 4500
001 ebr10349097
003 CaPaEBR
006 m u
007 cr cn|||||||||
008 090521s2009 ne sb 001 0 eng
010 _z 2009021220
015 _aGBA955068
_2bnb
016 7 _z015271816
_2Uk
020 _z9789004175600 (hardback : alk. paper)
020 _z9004175601 (hardback : alk. paper)
040 _aCaPaEBR
_cCaPaEBR
035 _a(OCoLC)570375516
050 1 4 _aK642
_b.J67 2009eb
082 0 4 _a341.48572
_222
100 1 _aJoseph, Rita.
245 1 0 _aHuman rights and the unborn child
_h[electronic resource] /
_cby Rita Joseph.
260 _aLeiden ;
_aBoston :
_bMartinus Nijhoff Publishers,
_c2009.
300 _axviii, 347 p.
504 _aIncludes bibliographical references (p. [331]-338) and index.
505 0 _aUDHR recognition of the child before birth : analysis of the texts -- UDHR recognition of the child before birth : the historical context -- Fundamentals of the universal declaration's human rights protection -- The inaugural human right : to be born free and equal -- What is "appropriate" legal protection before as well as after birth? -- The right to life and to the necessities of life -- Decriminalization : a treaty interpretation manifestly unreasonable -- CRC legislative history and the child before birth -- Selective abortion on grounds of disability -- European Convention (1950) and the unborn child -- American Convention on Human Rights : " ... in general, from the moment of conception" -- Reclaiming rights of the African child at risk of abortion -- Selective abortion : an act of violence and discrimination on grounds of sex -- Children's rights : " ... without any exceptions whatsoever" -- Ideologies must conform to human rights, not human rights to ideologies.
533 _aElectronic reproduction.
_bPalo Alto, Calif. :
_cebrary,
_d2013.
_nAvailable via World Wide Web.
_nAccess may be limited to ebrary affiliated libraries.
650 0 _aUnborn children (Law)
650 0 _aRight to life.
650 0 _aAbortion
_xLaw and legislation.
650 0 _aHuman rights.
655 7 _aElectronic books.
_2local
710 2 _aebrary, Inc.
856 4 0 _uhttp://site.ebrary.com/lib/rucke/Doc?id=10349097
_zAn electronic book accessible through the World Wide Web; click to view
999 _c42227
_d42227